| 000 | 00343 a2200157 4500 | ||
|---|---|---|---|
| 001 | 57275 | ||
| 020 | _a8570567510 | ||
| 040 | _cAnchieta - Pituba | ||
| 100 | _aAlbergaria, Lino de | ||
| 240 | 1 | 0 |
_aGuerra na biblioteca _lpor |
| 245 | 1 | 0 | _aGuerra na biblioteca |
| 300 | _a82 | ||
| 362 | 0 | _a1995 | |
| 650 | 4 | _aLiteratura juvenil | |
| 942 | _cBK | ||
| 999 |
_c57275 _d57275 |
||